000 00772nam a2200253Ia 4500
003 OSt
005 20220928133220.0
006 a|||||r|||| 00| 0
007 ta
008 220927b |||||||| |||| 00| 0 eng d
024 _a65589
037 _cTextual
040 _aSDCL
_cSDCL
_beng
041 _2eng
_aeng
082 _aXk2,P05, P5.1-.3 RR
100 _aMukherjee T P
_9484788
245 0 _aEncyclopaedic dictionary of economics,commerce and management
260 _aJaipur
_bSubline Publications India
_c2005
490 _vV1:A-F(viii,286p)
650 _aEconomics Encyclopaedia
_9484789
700 _a Sachdeva M B
_9484790
942 _hXk2,P05, P5.1-.3 RR
_cTEXL
_2CC
999 _c798337
_d798337